| 000 | 00603nam a2200217Ia 4500 | ||
|---|---|---|---|
| 999 |
_c36437 _d36437 |
||
| 001 | 2352 | ||
| 003 | GE_BSU | ||
| 005 | 20221027120437.0 | ||
| 008 | 181216s2007bu xx |||||||||||||| ||bul|| | ||
| 020 | _a9789546804952 | ||
| 040 | _cGE_BSU | ||
| 041 | _abul | ||
| 080 | _a37.01(479.2)+271.22 M-65 | ||
| 100 |
_aMihaylov, Krum. _915575 |
||
| 245 |
_aNeophyte Rilsky His Personality and Epoque / _cKrum Mihaylov. |
||
| 264 |
_aBlagoevgrad, _c2007. |
||
| 300 |
_a175 c.: _bилл. |
||
| 653 | _aNeophyte Rilsky His Personality and Epoque | ||
| 653 | _aპედაგოგიკა | ||
| 942 |
_cBK _2udc |
||